00285 a2200121 4500260002100000260002000021245005200041650001900093650001600112100001700128260000900145035000900154 aBruxelles, Paris bMaloine, Prodim aTechniques psychiatriques en kinésithérapie aKINESITHERAPIE aPSYCHIATRIE aDacos, J. P. c1984 a9440